| 000 | 00932nam a22001937a 4500 | ||
|---|---|---|---|
| 008 | 090910t xxu||||| |||| 00| 0 eng d | ||
| 082 |
_222 _a260 _bس ه ر |
||
| 100 |
_98790 _aسهروردى, شهاب الدين يحيى. |
||
| 245 |
_aمجموعة مصنفات شيخ اشراق / _cشهاب الدين يحيى سهروردى ؛ بتصحيح ومقدمة هنرى كربين. |
||
| 250 | _aط2 | ||
| 260 |
_aالقاهرة : _bالهيئة العامة لقصور الثقافة, 2000 _c2000. |
||
| 300 |
_a349 ص ؛ _c20 سم. |
||
| 500 | _aصفحة عنوان ومقدمة باللغة الفرنسية | ||
| 505 | _aالمحتويات :كتاب حكمة الأشراق ورسالة فى اعتقاد الحكماء وقصة الغربة الغربية | ||
| 650 |
_98787 _aالتصوف الإسلامى |
||
| 650 |
_98788 _aالفلسفة الإسلامية |
||
| 700 |
_915110 _aكربين، هنري |
||
| 942 |
_2ddc _cBB |
||
| 999 |
_c12776 _d12776 |
||